History Quiz

Random History or Puzzle Quiz

One Shot: US Presidents Quiz Stats

 Plays Quiz Updated Sep 30, 2018

Score 0/7 Timer 03:00
0 Plays Today
☆ONE☆ ☆SHOT☆ % Correct
With only one shot, can you list the first 5 US Presidents in order? Each president has a corresponding number.???
100%
For example, if you think the ranking goes 'Monroe, Madison, Jefferson, Washington, Adams'...???
99.8%
5 - George Washington???
63%
2 - James Monroe???
62.9%
3 - James Madison???
62.8%
1 - John Adams???
62.8%
4 - Thomas Jefferson???
62.7%

You're not logged in!

Compare scores with friends on all Sporcle quizzes.
OR
Log In

Sporcle TV

Today on Sporcle TV


Watch our educational content, quiz creation guides, and fun videos on Sporcle TV.

Show Comments

Extras

Top Quizzes Today


Score Distribution

Your Account Isn't Verified!

In order to create a playlist on Sporcle, you need to verify the email address you used during registration. Go to your Sporcle Settings to finish the process.

Report this User

Report this user for behavior that violates our Community Guidelines.

Details: